000 00604nam a2200181Ia 4500
005 20250423101454.0
008 250422s9999 xx 000 0 und d
020 _a9780375844553
050 _aPZ 7 .R45/
100 _aReinhardt, Dana.
245 4 _aThe things a brother knows
260 _aNew York
260 _bWendy Lamb Books
260 _c2010
300 _a245 p
650 _aBrothers--Fiction. Soldiers--Fiction. Post-traumatic stress disorder--Fiction. Walking--Fiction. Jews--United States--Fiction. Family life--Massachusetts--Boston--Fiction. Boston (Mass.)--Fiction.
942 _cBK
999 _c36389
_d36389